Blood on the Clocktower characters starting with G - Statistics

General Stats
  • This quiz has been taken 8 times
    7 since last reset
  • The average score is 10 of 12
Answer Stats
Hint Answer % Correct
Townsfolk Gambler
100%
Minion Goblin
100%
Minion Godfather
100%
Outsider Golem
100%
Fabled Gardener
75%
Traveller Gnome
75%
Outsider Goon
75%
Townsfolk Gossip
75%
Townsfolk Grandmother
75%
Traveller Gunslinger
75%
Traveller Ganster
50%
Townsfolk General
50%
No matching quizzes found
Score Distribution
Percent of People with Each Score
Percentile by Number Answered
Your Score History
You have not taken this quiz since the last reset